Bere and Parchment v Slades (Record no. 20326)
[ view plain ]
| 000 -LEADER | |
|---|---|
| fixed length control field | 01591cab a2200241 4500 |
| 001 - CONTROL NUMBER | |
| control field | ABS41441 |
| 008 - FIXED-LENGTH DATA ELEMENTS--GENERAL INFORMATION | |
| fixed length control field | 090401t1989 xxu||||| |||| 00| 0 eng d |
| 035 ## - SYSTEM CONTROL NUMBER | |
| System control number | (Sirsi) u30172 |
| 041 ## - LANGUAGE CODE | |
| Language code of text/sound track or separate title | eng |
| 245 ## - TITLE STATEMENT | |
| Title | Bere and Parchment v Slades |
| 260 ## - PUBLICATION, DISTRIBUTION, ETC. | |
| Date of publication, distribution, etc. | 1989 |
| 350 ## - PRICE (NR) (BK AM CF MU VM SE) [OBSOLETE] | |
| Price | 0 |
| 490 ## - SERIES STATEMENT | |
| Series statement | Construction Industry Law Letter |
| Volume/sequential designation | 1989 CILL 524-525(2) |
| 520 ## - SUMMARY, ETC. | |
| Summary, etc. | ORC 20 July 1989. The plaintiffs (B) purchased a property for which a scheme 1 valuation had been undertaken, and on the basis of the report, B went ahead with the purchase. The second plaintiff (P), thought it was a surveyor `s report, not a valuation , and if a major problem had been indicated, would not have bought the house. Subsequently it was found that the cellar walls had been constructed with a form of concrete found to be unstable - this condition would not necessarily have been found with a full structural survey, and the question arose as to whether specific visible defects were sufficient to warrant that the surveyor had a duty to follow up any greater problems which might exist, before undertaking a valuation. On hearing the evidence, the judge concluded that the damage asserted by the plaintiffs had not been sufficient to give rise to any duty not to value or to refer for greater inspection and the plaintiffs` claim failed. |
| 650 ## - SUBJECT ADDED ENTRY--TOPICAL TERM | |
| Topical term or geographic name entry element | HARRIS V WYRE FOREST DC |
| 650 ## - SUBJECT ADDED ENTRY--TOPICAL TERM | |
| Topical term or geographic name entry element | MORTGAGE VALUATIONS |
| 650 ## - SUBJECT ADDED ENTRY--TOPICAL TERM | |
| Topical term or geographic name entry element | NEGLIGENCE |
| 650 ## - SUBJECT ADDED ENTRY--TOPICAL TERM | |
| Topical term or geographic name entry element | SMITH V ERIC S BUSH |
| 650 ## - SUBJECT ADDED ENTRY--TOPICAL TERM | |
| Topical term or geographic name entry element | STRUCTURAL SURVEYS |
| 690 ## - LOCAL SUBJECT ADDED ENTRY--TOPICAL TERM (OCLC, RLIN) | |
| Topical term or geographic name as entry element | MANAGEMENT-BUSINESS MANAGEMENT-PROFESSIONAL PRACTICE |
| 942 ## - ADDED ENTRY ELEMENTS (KOHA) | |
| Suppress in OPAC | 0 |
| 948 ## - LOCAL PROCESSING INFORMATION (OCLC); SERIES PART DESIGNATOR (RLIN) | |
| c (OCLC) | 04/03/1997 |
| Withdrawn status | Lost status | Source of classification or shelving scheme | Damaged status | Not for loan | Home library | Current library | Shelving location | Date acquired | Total Checkouts | Full call number | Barcode | Date last seen | Copy number | Price effective from | Koha item type |
|---|---|---|---|---|---|---|---|---|---|---|---|---|---|---|---|
| Dewey Decimal Classification | London | London | Journal article | 14/09/1999 | ABS41441 | 30172-1001 | 06/08/2019 | 1 | 06/08/2019 | Law report |